[Event "4NCL Division Three Knights"]
[Site "Warwick, ENG"]
[Date "2024.02.10"]
[Round "5.62"]
[White "Elwin, Adrian G"]
[Black "Scott, David A"]
[Result "1-0"]
[WhiteElo "2034"]
[BlackElo "2060"]
[Annotator "Yogi"]
[PlyCount "69"]
[EventDate "2024.02.10"]
[WhiteTeam "MK Phoenix"]
[BlackTeam "Surbiton"]

1. d4 d5 2. c4 e6 3. Nf3 Nf6 4. Nc3 h6 5. Bf4 Bd6 6. Bxd6 Qxd6 7. c5 Qe7 8. e3 O-O 9. Ne5 Nfd7 10. Nxd7 Nxd7 11. f4 f6 12. Be2 c6 13. O-O b6 14. b4 a5 15. a3 Ba6 16. Bxa6 Rxa6 17. Qd3 Raa8 18. e4 f5 19. exd5 exd5 20. Rae1 Qf7 21. Rf3 axb4 22. axb4 g6 23. Rfe3 Rfe8 24. cxb6 Nxb6 25. b5 Nc4 26. R3e2 cxb5 27. Nxb5 Kf8 28. Kf2 Re4 29. g3 Rae8 30. Nc3 Rxe2+ 31. Rxe2 Rxe2+ 32. Qxe2 Qf6 33. Nxd5 Qxd4+ 34. Ne3 Kf7 35. Qxc4+ 1-0

[Event "4NCL Division Three Knights"]
[Site "Warwick, ENG"]
[Date "2024.02.10"]
[Round "5.63"]
[White "Faulks, Nick"]
[Black "Brown, Alan M"]
[Result "0-1"]
[WhiteElo "1959"]
[BlackElo "2007"]
[Annotator "Yogi"]
[PlyCount "54"]
[EventDate "2024.02.10"]
[WhiteTeam "Surbiton"]
[BlackTeam "MK Phoenix"]

1. c4 e5 2. Nc3 Nf6 3. e3 d5 4. cxd5 Nxd5 5. Qh5 Nc6 6. Bb5 Qd6 7. Nf3 Nxc3 8. bxc3 Bd7 9. Ng5 Qd5 10. Bxc6 Bxc6 11. c4 Qd7 12. Nf3 Qe6 13. O-O Bd6 14. d4 g6 15. Qh6 Bxf3 16. gxf3 Qf5 17. Bb2 Qxf3 18. dxe5 Qg4+ 19. Kh1 Bxe5 20. f3 Qe6 21. Bxe5 Qxe5 22. Rad1 Rd8 23. Rd5 Rxd5 24. cxd5 f5 25. Re1 Kd8 26. e4 Re8 27. Qxh7 Rh8 0-1

[Event "4NCL Division Three Knights"]
[Site "Warwick, ENG"]
[Date "2024.02.10"]
[Round "5.64"]
[White "Freeman, Richard C P"]
[Black "Morrison, Joseph"]
[Result "1/2-1/2"]
[WhiteElo "1956"]
[BlackElo "1882"]
[PlyCount "33"]
[EventDate "2024.02.10"]
[WhiteTeam "MK Phoenix"]
[BlackTeam "Surbiton"]

1. f4 d5 2. Nf3 Nf6 3. e3 c5 4. Be2 Nc6 5. d3 g6 6. O-O Bg7 7. Nc3 d4 8. Ne4
Nxe4 9. dxe4 O-O 10. exd4 cxd4 11. Bd3 Bg4 12. Qe1 e5 13. Nxe5 Nxe5 14. fxe5
Bxe5 15. Bf4 Bg7 16. Qg3 Be6 17. b3 1/2-1/2

[Event "4NCL Division Three Knights"]
[Site "Warwick, ENG"]
[Date "2024.02.10"]
[Round "5.65"]
[White "Boughen, Andrew"]
[Black "Obi, Okwose Marc"]
[Result "1-0"]
[WhiteElo "1804"]
[BlackElo "1905"]
[PlyCount "109"]
[EventDate "2024.02.10"]
[WhiteTeam "Surbiton"]
[BlackTeam "MK Phoenix"]

1. d4 d5 2. c4 e6 3. Nc3 c5 4. cxd5 exd5 5. dxc5 d4 6. Ne4 Nf6 7. Nd6+ Bxd6 8. cxd6 Qxd6 9. Nf3 Nc6 10. g3 O-O 11. Bg2 Bf5 12. O-O Rac8 13. a3 Rfd8 14. Bf4 Qe6 15. Re1 h6 16. Rc1 g5 17. Bd2 Ne4 18. Rc2 Qb3 19. Qc1 Nxf2 20. Rc5 Ne4 21. Rxf5 Ne7 22. Qb1 Nxd2 23. Nxd2 Qe3+ 24. Rf2 Qxd2 25. e3 Qa5 26. exd4 Nc6 27. Ref1 Rc7 28. Qa2 Rdd7 29. b4 Qb6 30. d5 Ne5 31. Qe2 Qd4 32. Rd1 Qc3 33. Rf5 Nc4 34. Rd3 Qc1+ 35. Rf1 Qb2 36. Qh5 Qg7 37. Bh3 Ne5 38. Bxd7 Rxd7 39. Rdd1 g4 40. Qf5 Rd8 41. d6 Nf3+ 42. Kg2 Qg6 43. Qxg6+ fxg6 44. Rf2 Kf7 45. Rc2 Rd7 46. Re2 h5 47. h3 Kf6 48. hxg4 hxg4 49. Re4 Rh7 50. Rxg4 Ne5 51. Re4 Nd7 52. Rf1+ Kg5 53. Re7 Rh5 54. Rxd7 Kh6 55. Rh1 1-0

[Event "4NCL Division Three Knights"]
[Site "Warwick, ENG"]
[Date "2024.02.10"]
[Round "5.66"]
[White "Williamson, Kevin J"]
[Black "Alcock, Graham P"]
[Result "1-0"]
[WhiteElo "1846"]
[BlackElo "1774"]
[Annotator "Yogi"]
[PlyCount "93"]
[EventDate "2024.02.10"]
[WhiteTeam "MK Phoenix"]
[BlackTeam "Surbiton"]

1. d4 Nf6 2. Nc3 g6 3. e4 d6 4. Bc4 Bg7 5. Qe2 Nc6 6. e5 Nxd4 7. exf6 Nxe2 8. fxg7 Rg8 9. Ngxe2 Rxg7 10. Bh6 Rg8 11. O-O-O e6 12. f4 Bd7 13. Bg5 f6 14. Bh4 g5 15. fxg5 fxg5 16. Bg3 Qe7 17. Rhe1 O-O-O 18. Nd4 Rg6 19. Bd3 Rgg8 20. Bc4 Rg6 21. Ndb5 Bxb5 22. Nxb5 a6 23. Nc3 e5 24. Nd5 Qg7 25. Rf1 h5 26. Rf7 Qh6 27. Ne7+ Kb8 28. Nxg6 Qxg6 29. Rdf1 h4 30. Rf8 Rxf8 31. Rxf8+ Ka7 32. Bf2+ c5 33. Bd5 g4 34. Be3 g3 35. h3 Qh5 36. Kd2 e4 37. Bxe4 Qe5 38. Bf3 Qg7 39. Rf4 Qe7 40. Re4 Qf6 41. c3 b5 42. a3 Kb6 43. Re8 Qf7 44. Rb8+ Ka5 45. Bg5 Qf5 46. Bd8+ Ka4 47. Bd1+ 1-0

[Event "4NCL Division Three Knights"]
[Site "Warwick, ENG"]
[Date "2024.02.11"]
[Round "6.11"]
[White "Kett, Tim"]
[Black "Miller, Dominic"]
[Result "1-0"]
[WhiteElo "2114"]
[BlackElo "2107"]
[PlyCount "107"]
[EventDate "2024.02.11"]
[WhiteTeam "Rhyfelwyr Essyllwg"]
[BlackTeam "Sussex Martlets 2"]

1. e4 e6 2. d4 d5 3. Nc3 Bb4 4. e5 c5 5. a3 Bxc3+ 6. bxc3 Ne7 7. h4 Nbc6 8. Nf3
h6 9. Bd3 Qa5 10. Bd2 c4 11. Be2 Bd7 12. Qb1 Qa4 13. h5 O-O-O 14. Qb2 b6 15.
O-O-O Kc7 16. Nh4 b5 17. g4 Nc8 18. g5 hxg5 19. Bxg5 Rdf8 20. Rdg1 Nb6 21. Bd2
Rh7 22. Rg3 Qa5 23. Rhg1 Na4 24. Qa1 Rg8 25. h6 g6 26. Nf3 Qb6 27. Ng5 Rgh8 28.
Nxh7 Rxh7 29. Bg5 a5 30. Bg4 Qa7 31. Rh1 Kc8 32. Rf3 Be8 33. Rd1 Ne7 34. Kd2
Nf5 35. Bxf5 exf5 36. Ke1 Bd7 37. e6 Bxe6 38. Qc1 Qd7 39. Qf4 Qc7 40. Qe3 Kb7
41. Rb1 Ka6 42. Bf4 Qe7 43. Qe5 f6 44. Qb8 Qb7 45. Qd6+ Qb6 46. Qf8 g5 47. Bd6
f4 48. Bxf4 gxf4 49. Kd2 f5 50. Rxf4 Qc7 51. Rf3 Nb6 52. Re1 Bc8 53. Rg1 Nd7
54. Rg6+ 1-0

[Event "4NCL Division Three Knights"]
[Site "Warwick, ENG"]
[Date "2024.02.11"]
[Round "6.12"]
[White "Hedger, Alec"]
[Black "Brown, Thomas"]
[Result "1-0"]
[WhiteElo "2071"]
[BlackElo "2128"]
[PlyCount "65"]
[EventDate "2024.02.11"]
[WhiteTeam "Sussex Martlets 2"]
[BlackTeam "Rhyfelwyr Essyllwg"]

1. e4 c5 2. d4 cxd4 3. c3 g6 4. cxd4 d5 5. e5 a6 6. Nc3 Nc6 7. Be2 Bg7 8. h4 f6
9. f4 fxe5 10. fxe5 Bf5 11. h5 e6 12. Nf3 Nge7 13. h6 Bf8 14. Bg5 Qb6 15. Na4
Qa5+ 16. Bd2 Nb4 17. a3 Nc2+ 18. Qxc2 Bxc2 19. Bxa5 Bxa4 20. Ng5 Bd7 21. Bb4
Nf5 22. Bxf8 Kxf8 23. Rd1 Ke7 24. Rh3 Ke8 25. g4 Ne7 26. Rf3 Nc6 27. Rf7 Nd8
28. Rxh7 Rxh7 29. Nxh7 Bb5 30. Bxb5+ axb5 31. Ng5 Ke7 32. h7 Nf7 33. Rc1 1-0

[Event "4NCL Division Three Knights"]
[Site "Warwick, ENG"]
[Date "2024.02.11"]
[Round "6.13"]
[White "Heaven, Pete"]
[Black "Graham, William M"]
[Result "1/2-1/2"]
[WhiteElo "1971"]
[BlackElo "1940"]
[PlyCount "81"]
[EventDate "2024.02.11"]
[WhiteTeam "Rhyfelwyr Essyllwg"]
[BlackTeam "Sussex Martlets 2"]

1. e4 e6 2. d4 d5 3. Nc3 Nf6 4. Bg5 dxe4 5. Nxe4 Be7 6. Bxf6 gxf6 7. Nf3 f5 8.
Nc3 a6 9. a4 b6 10. g3 Bb7 11. Bg2 Nd7 12. O-O O-O 13. Qe2 Nf6 14. Rfd1 Qe8 15.
Ne5 Bxg2 16. Kxg2 Bd6 17. f3 Nh5 18. Re1 Ng7 19. Rad1 f6 20. Nc4 Bb4 21. Ne3
Bxc3 22. bxc3 Qxa4 23. d5 e5 24. Ra1 Qb5 25. Qxb5 axb5 26. Rab1 Ra3 27. Rxb5
Rxc3 28. Rb3 Rc5 29. f4 Re8 30. Kf3 Kf7 31. Rd1 Rd8 32. d6 Ne6 33. c3 cxd6 34.
Nxf5 d5 35. Rxb6 Rxc3+ 36. Kg4 d4 37. fxe5 fxe5 38. Rf1 Rg8+ 39. Kh4 Rg6 40.
Nxd4+ Ke7 41. Nxe6 1/2-1/2

[Event "4NCL Division Three Knights"]
[Site "Warwick, ENG"]
[Date "2024.02.11"]
[Round "6.14"]
[White "Blades, Kit"]
[Black "Hewitt, William"]
[Result "1-0"]
[WhiteElo "1950"]
[BlackElo "1977"]
[PlyCount "107"]
[EventDate "2024.02.11"]
[WhiteTeam "Sussex Martlets 2"]
[BlackTeam "Rhyfelwyr Essyllwg"]

1. e4 c5 2. Nf3 Nc6 3. c3 Nf6 4. e5 Nd5 5. d4 cxd4 6. cxd4 d6 7. Bc4 dxe5 8.
dxe5 Ndb4 9. Qb3 e6 10. O-O Na5 11. Qa4+ Bd7 12. Bb5 Bxb5 13. Qxb5+ Nac6 14. a3
a6 15. Qe2 Qd3 16. Qd2 Qxd2 17. Bxd2 Nd5 18. Nc3 Nxc3 19. Bxc3 Be7 20. Nd2
O-O-O 21. f4 Rd5 22. Nc4 Bc5+ 23. Kh1 Kc7 24. Nd6 Bxd6 25. exd6+ Kxd6 26. Bxg7
Rd8 27. g3 Rd2 28. Bc3 Rd3 29. Bf6 Rd7 30. Rac1 Kd5 31. Rfe1 a5 32. Kg2 b5 33.
Re2 Rb7 34. Rec2 Rb6 35. Rc5+ Kd6 36. Rh5 b4 37. axb4 Rxb4 38. Rxh7 Rb7 39. Rh8
Kd5 40. Rc8 Ne7 41. Rd8+ Ke4 42. Re1+ Re3 43. Rd4+ Kf5 44. Rxe3 Rxb2+ 45. Kh3
Kxf6 46. Ra4 Rb5 47. Re5 Rxe5 48. fxe5+ Kxe5 49. Rxa5+ Kf6 50. Kg4 Kg6 51. h4
Nf5 52. Rxf5 exf5+ 53. Kf4 Kg7 54. Kxf5 1-0

[Event "4NCL Division Three Knights"]
[Site "Warwick, ENG"]
[Date "2024.02.11"]
[Round "6.15"]
[White "Hatchett, Paul"]
[Black "Honarvarmahalati, Hooman"]
[Result "1/2-1/2"]
[WhiteElo "1916"]
[BlackElo "1858"]
[PlyCount "86"]
[EventDate "2024.02.11"]
[WhiteTeam "Rhyfelwyr Essyllwg"]
[BlackTeam "Sussex Martlets 2"]

1. e4 d6 2. d4 Nf6 3. Nc3 Nbd7 4. Nge2 e5 5. g3 h5 6. h3 c6 7. a4 Be7 8. Bg2
Qc7 9. Be3 Nf8 10. a5 Ne6 11. f4 exd4 12. Nxd4 h4 13. g4 d5 14. e5 Nd7 15. Nxe6
fxe6 16. Qd3 Nf8 17. O-O Bd7 18. f5 exf5 19. gxf5 Qxe5 20. Rae1 O-O-O 21. Bxa7
Qd6 22. Bb6 Re8 23. a6 Qb4 24. Bd4 bxa6 25. Qxa6+ Qb7 26. Qxb7+ Kxb7 27. Bxg7
Rg8 28. f6 Bxf6 29. Rxe8 Bxg7 30. Re7 Bd4+ 31. Kh1 Kc7 32. Ref7 Ng6 33. Rh7 Kd6
34. Rh6 Ke7 35. Re1+ Kf6 36. Rh7 Bf5 37. Rc7 Ne5 38. Rxe5 Kxe5 39. Rxc6 Rg3 40.
Ne2 Re3 41. Nxd4 Kxd4 42. Rh6 Bxc2 43. Rxh4+ Be4 1/2-1/2

[Event "4NCL Division Three Knights"]
[Site "Warwick, ENG"]
[Date "2024.02.11"]
[Round "6.16"]
[White "Gray, Edward"]
[Black "Trevelyan, John"]
[Result "1/2-1/2"]
[WhiteElo "1867"]
[BlackElo "1850"]
[PlyCount "90"]
[EventDate "2024.02.11"]
[WhiteTeam "Sussex Martlets 2"]
[BlackTeam "Rhyfelwyr Essyllwg"]

1. d4 Nf6 2. g3 g6 3. Bg2 Bg7 4. c4 O-O 5. Nf3 d6 6. b3 c5 7. e3 Nc6 8. O-O
cxd4 9. Nxd4 Nxd4 10. exd4 Bg4 11. Qc2 Qd7 12. Bb2 Bh3 13. Nd2 Bxg2 14. Kxg2 d5
15. Rfe1 Rac8 16. Qd3 Rfd8 17. Rac1 h5 18. h4 Bh6 19. Rc2 Bxd2 20. Rxd2 Re8 21.
a3 dxc4 22. bxc4 Qc6+ 23. d5 Qd6 24. Be5 Qc5 25. Bxf6 exf6 26. Rxe8+ Rxe8 27.
Qd4 Qxa3 28. d6 Qa6 29. Qxf6 Qc6+ 30. Kh2 Qd7 31. Rd3 Re6 32. Qd4 b6 33. c5
bxc5 34. Qxc5 Re8 35. Re3 Rd8 36. Qd5 Qf5 37. Qd2 Kg7 38. Kg2 Qc5 39. Qb2+ Kg8
40. Qf6 Qc6+ 41. Rf3 Rd7 42. Qb2 Rxd6 43. Qb8+ Kg7 44. Qxa7 Rf6 45. Qe3 Rxf3
1/2-1/2

[Event "4NCL Division Three Knights"]
[Site "Warwick, ENG"]
[Date "2024.02.11"]
[Round "6.21"]
[White "Ciuravin, Andrei"]
[Black "Seymour, Timothy P"]
[Result "1-0"]
[WhiteElo "2179"]
[BlackElo "2216"]
[PlyCount "123"]
[EventDate "2024.02.11"]
[WhiteTeam "Hull & East Riding Tigers"]
[BlackTeam "Surbiton"]

1. d4 d5 2. Nf3 Nf6 3. Bf4 e6 4. e3 Bd6 5. Nbd2 O-O 6. Bg3 c5 7. c3 Qc7 8. Ne5
Nc6 9. f4 Ne7 10. Bd3 Nf5 11. Bf2 Be7 12. O-O b6 13. Qf3 a5 14. Rfe1 Ba6 15.
Bc2 b5 16. Rac1 a4 17. a3 Nd6 18. dxc5 Qxc5 19. e4 Qc7 20. exd5 exd5 21. Bd4
Rfe8 22. Ng4 Nfe4 23. Nxe4 dxe4 24. Bxe4 Nxe4 25. Qxe4 Bf8 26. Qf3 Bc5 27. Bxc5
Qxc5+ 28. Qf2 Qh5 29. h3 Bb7 30. f5 f6 31. Qb6 Be4 32. Qxb5 Bxf5 33. Nf2 Qg6
34. Rxe8+ Rxe8 35. Qxa4 h5 36. Qf4 Kh7 37. Rd1 Re2 38. Rd2 Re1+ 39. Kh2 Bc8 40.
Qf3 Qg5 41. Rd5 Re5 42. Rxe5 Qxe5+ 43. Qg3 Qe7 44. Qd3+ Kh6 45. Nd1 g5 46. Qd4
Bb7 47. Ne3 Kg6 48. c4 Qc7+ 49. Kg1 Qg3 50. Kf1 h4 51. Nd5 Qd6 52. Qb6 Qxb6 53.
Nxb6 Kf5 54. b4 Ke4 55. Nd7 Kd4 56. c5 Ba6+ 57. Kf2 f5 58. a4 Kc4 59. b5 Bxb5
60. axb5 Kxb5 61. Ne5 Kxc5 62. Nf3 1-0

[Event "4NCL Division Three Knights"]
[Site "Warwick, ENG"]
[Date "2024.02.11"]
[Round "6.22"]
[White "Scott, David A"]
[Black "Varley, Joe"]
[Result "0-1"]
[WhiteElo "2060"]
[BlackElo "2059"]
[PlyCount "168"]
[EventDate "2024.02.11"]
[WhiteTeam "Surbiton"]
[BlackTeam "Hull & East Riding Tigers"]

1. c4 Nf6 2. g3 g6 3. Bg2 Bg7 4. Nc3 c6 5. e4 d6 6. d4 O-O 7. h3 Qb6 8. Nf3 e5
9. dxe5 dxe5 10. O-O Na6 11. Qe2 Nd7 12. Be3 Qc7 13. Rad1 Nac5 14. b4 Ne6 15.
c5 a5 16. Qc4 axb4 17. Qxb4 Qa5 18. Qxa5 Rxa5 19. Nd2 Ndxc5 20. Nc4 Ra6 21. Rd2
b5 22. Nd6 Nd4 23. Nxc8 Rxc8 24. f4 Rd8 25. Rfd1 Na4 26. Bxd4 exd4 27. Nxa4
Rxa4 28. e5 Rc4 29. Bf1 Rc3 30. Rxd4 Rxd4 31. Rxd4 Rxg3+ 32. Bg2 Bf8 33. Kh2
Rc3 34. Rd8 Kg7 35. Rc8 Rc2 36. Rxc6 Rxa2 37. Rc7 g5 38. fxg5 b4 39. Rb7 Re2
40. Rb5 Kg6 41. Kg3 Kxg5 42. Bf3 Re3 43. Kf2 Rc3 44. e6+ Bc5+ 45. Ke2 fxe6 46.
Bg4 e5 47. Be6 Kf4 48. h4 h6 49. h5 Ke4 50. Bf7 Be7 51. Rb7 Bc5 52. Rb5 Kd4 53.
Rb8 Rc2+ 54. Kd1 Rf2 55. Rb7 Kd3 56. Bg6+ e4 57. Rf7 b3 58. Rxf2 Bxf2 59. Bf7
e3 60. Bg6+ Kc3 61. Bf5 Kb2 62. Be6 Ka3 63. Bf5 Kb2 64. Be6 Bh4 65. Bf7 Kc3 66.
Bg6 Bg5 67. Bf5 Bf6 68. Bg6 Bd4 69. Bf5 Bc5 70. Bg6 Kd4 71. Bf7 b2 72. Bg6 Bb4
73. Bb1 Ke5 74. Ke2 Kf4 75. Bc2 Bd2 76. Bd3 Kg4 77. Bg6 Bc1 78. Ke1 Kf3 79. Bd3
Bd2+ 80. Kf1 b1=Q+ 81. Bxb1 e2+ 82. Kg1 e1=Q+ 83. Kh2 Qg3+ 84. Kh1 Qg2# 0-1

[Event "4NCL Division Three Knights"]
[Site "Warwick, ENG"]
[Date "2024.02.11"]
[Round "6.23"]
[White "Larchikov, Maksym"]
[Black "Faulks, Nick"]
[Result "1-0"]
[WhiteElo "2119"]
[BlackElo "1959"]
[PlyCount "77"]
[EventDate "2024.02.11"]
[WhiteTeam "Hull & East Riding Tigers"]
[BlackTeam "Surbiton"]

1. d4 Nf6 2. c4 c5 3. d5 b5 4. cxb5 a6 5. bxa6 e6 6. dxe6 fxe6 7. Nc3 d5 8. e3
Nxa6 9. Nf3 Bd6 10. Bb5+ Nd7 11. O-O Nc7 12. Bd3 O-O 13. Qe2 Bb7 14. e4 d4 15.
Nb1 Rxf3 16. Qxf3 c4 17. Bc2 Ne5 18. Qh3 d3 19. Bd1 Bxe4 20. Nc3 Bf5 21. g4 Bg6
22. f4 d2 23. Bxd2 Bc5+ 24. Be3 Qd3 25. fxe5 Bxe3+ 26. Kh1 Qd4 27. Qf3 Rb8 28.
Bc2 Nd5 29. Nxd5 Qxd5 30. Bxg6 hxg6 31. Rae1 Bd4 32. Qxd5 exd5 33. Rd1 Bxe5 34.
Rxd5 Bxb2 35. Rc5 c3 36. g5 Rd8 37. a4 Kh7 38. Rf2 Rd4 39. a5 1-0

[Event "4NCL Division Three Knights"]
[Site "Warwick, ENG"]
[Date "2024.02.11"]
[Round "6.24"]
[White "Morrison, Joseph"]
[Black "Hodge, Steve R"]
[Result "1/2-1/2"]
[WhiteElo "1882"]
[BlackElo "2042"]
[PlyCount "92"]
[EventDate "2024.02.11"]
[WhiteTeam "Surbiton"]
[BlackTeam "Hull & East Riding Tigers"]

1. c4 f5 2. Nc3 Nf6 3. g3 g6 4. Bg2 Bg7 5. d4 d6 6. Nf3 O-O 7. O-O Qe8 8. Qc2
Nc6 9. Bg5 Nb4 10. Qb3 Na6 11. c5+ Qf7 12. Qxf7+ Rxf7 13. cxd6 cxd6 14. Nd2 Nb4
15. Rac1 Nc6 16. Nb5 Bd7 17. d5 Nd8 18. Nc7 Rc8 19. Be3 b6 20. Nb3 Rf8 21. h3
e5 22. Bd2 Nf7 23. Rc2 Ne4 24. Bxe4 fxe4 25. Kg2 Bf5 26. Be3 Bh6 27. Bxh6 Nxh6
28. Rc3 Nf7 29. Rfc1 Ng5 30. h4 Nf7 31. Nd2 Nh6 32. f3 exf3+ 33. exf3 Nf7 34.
Ne4 Bxe4 35. fxe4 Nh6 36. Ne6 Rxc3 37. Rxc3 Rf6 38. Rc6 Ng4 39. Rxd6 Rf2+ 40.
Kg1 Rxb2 41. Rd8+ Kf7 42. Rd7+ Ke8 43. Rxa7 Rd2 44. Rb7 Rd1+ 45. Kg2 Rd2+ 46.
Kf1 Nh2+ 1/2-1/2

[Event "4NCL Division Three Knights"]
[Site "Warwick, ENG"]
[Date "2024.02.11"]
[Round "6.25"]
[White "Vleeshhouwer, Douglas"]
[Black "Boughen, Andrew"]
[Result "1-0"]
[WhiteElo "1973"]
[BlackElo "1804"]
[PlyCount "115"]
[EventDate "2024.02.11"]
[WhiteTeam "Hull & East Riding Tigers"]
[BlackTeam "Surbiton"]

1. b3 d5 2. Bb2 c5 3. e3 Nc6 4. Bb5 Bd7 5. Nf3 e6 6. Bxc6 Bxc6 7. Ne5 Nf6 8. d3
Bd6 9. Nd2 Qc7 10. f4 O-O 11. Ndf3 Rac8 12. O-O Nd7 13. Nxd7 Bxd7 14. Ne5 f6
15. Nxd7 Qxd7 16. Qg4 Qe7 17. c4 Rce8 18. Qf3 dxc4 19. dxc4 e5 20. Qd5+ Kh8 21.
Rad1 Rd8 22. Qf3 e4 23. Qh5 Bc7 24. Rd5 Rxd5 25. Qxd5 b6 26. Qb7 Bd6 27. Qc6
Rd8 28. Rd1 h6 29. Rd5 Qc7 30. Qxc7 Bxc7 31. Rxd8+ Bxd8 32. g4 g6 33. Bc3 Kg7
34. Kg2 Kf7 35. f5 g5 36. Kf2 Ke7 37. b4 Bc7 38. h3 cxb4 39. Bxb4+ Bd6 40. Bc3
Ba3 41. Bd4 Kf7 42. Ke2 Be7 43. Kd2 Ke8 44. Kc2 Kd7 45. Kb3 Kc6 46. Bb2 Kd7 47.
Ba3 Bd8 48. Kc3 b5 49. Kd4 bxc4 50. Kxc4 Bb6 51. Bc5 Kc6 52. Bxb6 axb6 53. a3
b5+ 54. Kd4 Kd6 55. Kxe4 Kc5 56. Kd3 Kd5 57. e4+ Kc5 58. Kc3 1-0

[Event "4NCL Division Three Knights"]
[Site "Warwick, ENG"]
[Date "2024.02.11"]
[Round "6.26"]
[White "Alcock, Graham P"]
[Black "Collinson, Mark I"]
[Result "0-1"]
[WhiteElo "1774"]
[BlackElo "1924"]
[PlyCount "40"]
[EventDate "2024.02.11"]
[WhiteTeam "Surbiton"]
[BlackTeam "Hull & East Riding Tigers"]

1. e4 e5 2. Nf3 Nc6 3. c3 d5 4. Qa4 dxe4 5. Nxe5 Bd6 6. Nxc6 bxc6 7. Qxc6+ Bd7
8. Qxe4+ Ne7 9. d4 O-O 10. Be2 Ng6 11. O-O Re8 12. Qd3 Qh4 13. g3 Qh3 14. Bf3
Nh4 15. Bh1 Bg4 16. Nd2 Be2 17. Qc2 Bxf1 18. Nxf1 Re1 19. Qd3 Rae8 20. Rb1 R8e2
0-1

[Event "4NCL Division Three Knights"]
[Site "Warwick, ENG"]
[Date "2024.02.11"]
[Round "6.31"]
[White "Cooksey, Paul S"]
[Black "Dunn, Maxim"]
[Result "1/2-1/2"]
[WhiteElo "2249"]
[BlackElo "2063"]
[PlyCount "118"]
[EventDate "2024.02.11"]
[WhiteTeam "Crowthorne A"]
[BlackTeam "Iceni 1"]

1. d4 d5 2. c4 c6 3. Nf3 Nf6 4. Qc2 g6 5. Bf4 Bg7 6. e3 O-O 7. Nc3 c5 8. dxc5
Qa5 9. Rc1 dxc4 10. Bxc4 Qxc5 11. Nb5 Qb4+ 12. Ke2 Bf5 13. Qb3 Qxb3 14. Bxb3
Nc6 15. Nbd4 Be4 16. Nxc6 Bxc6 17. Be5 Rac8 18. Rhd1 Rfd8 19. Rxd8+ Rxd8 20.
Bd4 Ne4 21. Bxg7 Kxg7 22. Nd4 e5 23. Nxc6 bxc6 24. f3 Nd6 25. Rxc6 Rd7 26. Rc5
f6 27. Rc6 Nf5 28. Bc4 Rb7 29. b3 Rd7 30. Rc8 Nd6 31. Rg8+ Kh6 32. Bd3 f5 33.
Rb8 Kg5 34. Rb4 f4 35. Ra4 Nf5 36. Bxf5 Kxf5 37. Ra5 Rc7 38. exf4 Kxf4 39. g3+
Kf5 40. Kd3 g5 41. Ra4 Rd7+ 42. Ke3 h5 43. g4+ hxg4 44. fxg4+ Ke6 45. Ke4 Rd6
46. h3 a6 47. Rc4 Rb6 48. Rc8 Rb4+ 49. Ke3 Kd5 50. Rd8+ Ke6 51. Ra8 Kd5 52.
Rxa6 Re4+ 53. Kd3 Rd4+ 54. Kc2 Rf4 55. Ra5+ Kd4 56. b4 Rf2+ 57. Kd1 Rb2 58. b5
e4 59. Ra4+ Ke3 1/2-1/2

[Event "4NCL Division Three Knights"]
[Site "Warwick, ENG"]
[Date "2024.02.11"]
[Round "6.32"]
[White "Gimenez Menchon, Cesar"]
[Black "Thompson, Ian D"]
[Result "1/2-1/2"]
[WhiteElo "2090"]
[BlackElo "2145"]
[PlyCount "68"]
[EventDate "2024.02.11"]
[WhiteTeam "Iceni 1"]
[BlackTeam "Crowthorne A"]

1. e4 e6 2. d4 d5 3. Bd3 c5 4. exd5 exd5 5. Nf3 Nf6 6. O-O c4 7. Re1+ Be7 8.
Bf1 O-O 9. Nc3 Nc6 10. Ne5 Bf5 11. Bg5 Re8 12. h3 Ne4 13. Bxe7 Rxe7 14. Nxe4
Bxe4 15. Bxc4 Nxe5 16. dxe5 Bxg2 17. Bd3 Be4 18. Bxe4 dxe4 19. Qxd8+ Rxd8 20.
Rxe4 Rd2 21. Rc4 g5 22. Re1 Kg7 23. Re3 Kg6 24. Rc5 h6 25. a4 Red7 26. a5 R7d4
27. Rb3 Rf4 28. Rxb7 Rfxf2 29. Rc6+ Kh5 30. Rf6 Rg2+ 31. Kf1 Rh2 32. Ke1 Rhe2+
33. Kf1 Rh2 34. Ke1 Rhe2+ 1/2-1/2

[Event "4NCL Division Three Knights"]
[Site "Warwick, ENG"]
[Date "2024.02.11"]
[Round "6.33"]
[White "Webb, Richard M"]
[Black "Gilmore, Simon N"]
[Result "1/2-1/2"]
[WhiteElo "2149"]
[BlackElo "2065"]
[PlyCount "49"]
[EventDate "2024.02.11"]
[WhiteTeam "Crowthorne A"]
[BlackTeam "Iceni 1"]

1. Nf3 d5 2. g3 g6 3. Bg2 Bg7 4. O-O Nf6 5. d3 O-O 6. c3 c5 7. Nbd2 Nc6 8. e4
e5 9. exd5 Nxd5 10. Re1 Re8 11. a4 Be6 12. Nc4 f6 13. a5 Qc7 14. Qa4 Rab8 15.
Nfd2 b5 16. axb6 axb6 17. Qb5 Nce7 18. Ne4 Red8 19. Bd2 Bd7 20. Qa6 Bc6 21. Qa7
Rb7 22. Qa2 Kh8 23. b3 h6 24. f3 f5 25. Nf2 1/2-1/2

[Event "4NCL Division Three Knights"]
[Site "Warwick, ENG"]
[Date "2024.02.11"]
[Round "6.34"]
[White "Hughes, Roy"]
[Black "Noyce, Robert C"]
[Result "1/2-1/2"]
[WhiteElo "2048"]
[BlackElo "2128"]
[PlyCount "26"]
[EventDate "2024.02.11"]
[WhiteTeam "Iceni 1"]
[BlackTeam "Crowthorne A"]

1. d4 Nf6 2. Bf4 g6 3. e3 Bg7 4. Nf3 O-O 5. h3 d6 6. Be2 b6 7. O-O Bb7 8. c4
Nbd7 9. Nc3 Qe8 10. a4 a5 11. Bh2 e5 12. Rc1 Ne4 13. Nb5 h6 1/2-1/2

[Event "4NCL Division Three Knights"]
[Site "Warwick, ENG"]
[Date "2024.02.11"]
[Round "6.35"]
[White "Duckers, Harvey L"]
[Black "Calvert, D Ian"]
[Result "0-1"]
[WhiteElo "1983"]
[BlackElo "2002"]
[PlyCount "140"]
[EventDate "2024.02.11"]
[WhiteTeam "Crowthorne A"]
[BlackTeam "Iceni 1"]

1. e4 d5 2. Nc3 d4 3. Nce2 e5 4. Nf3 f6 5. Ng3 Be6 6. Be2 Nc6 7. O-O Bc5 8. d3
Nge7 9. c4 O-O 10. a3 a5 11. Rb1 a4 12. Bd2 Qd7 13. Ne1 Na5 14. Bxa5 Rxa5 15.
Qd2 b6 16. Bd1 g5 17. Ne2 Ng6 18. g3 Bh3 19. Ng2 Kh8 20. f3 Rg8 21. Rf2 Bd6 22.
Kh1 h5 23. Ng1 Bxg2+ 24. Rxg2 h4 25. Ne2 hxg3 26. hxg3 Rg7 27. Kg1 Rh7 28. Bc2
Ra8 29. Kf2 Rh3 30. Rbg1 Rf8 31. Ke1 Kg7 32. Rf1 Rfh8 33. Ng1 Rh1 34. Bd1 Kf7
35. Qc2 Ra8 36. Rh2 Rxh2 37. Qxh2 Kg7 38. Qc2 c6 39. Rf2 b5 40. Be2 Bc7 41. Bf1
Ba5+ 42. Kd1 Rh8 43. Bg2 c5 44. cxb5 Qxb5 45. Bh3 Kf7 46. Rg2 Ke7 47. Bf5 Kf7
48. Bxg6+ Kxg6 49. f4 Rc8 50. fxg5 fxg5 51. Nf3 c4 52. dxc4 Qb3 53. Nxe5+ Kf6
54. Nd3 Rxc4 55. Qxb3 axb3 56. Rf2+ Ke6 57. Rf5 Bd8 58. Nc5+ Ke7 59. Nxb3 d3
60. Nd2 Rc2 61. Rd5 Rxb2 62. Rxd3 Bc7 63. g4 Bf4 64. Nc4 Rg2 65. a4 Rxg4 66.
Nb6 Rg1+ 67. Kc2 Ra1 68. Rd5 Ke6 69. Rf5 Re1 70. Kd3 Rd1+ 0-1

[Event "4NCL Division Three Knights"]
[Site "Warwick, ENG"]
[Date "2024.02.11"]
[Round "6.36"]
[White "Wasilak, Piotr"]
[Black "Purdon, Colin"]
[Result "1/2-1/2"]
[WhiteElo "1956"]
[BlackElo "1952"]
[PlyCount "38"]
[EventDate "2024.02.11"]
[WhiteTeam "Iceni 1"]
[BlackTeam "Crowthorne A"]

1. e4 c5 2. Nf3 Nc6 3. d3 g6 4. g3 Bg7 5. Bg2 e6 6. O-O Nge7 7. c3 d5 8. Nbd2
O-O 9. Re1 b5 10. exd5 exd5 11. Nb3 c4 12. dxc4 bxc4 13. Nbd4 Rb8 14. Re2 Bg4
15. Nxc6 Nxc6 16. Bf4 Rb7 17. h3 Bf5 18. Ne1 Be6 19. Qc1 Qc8 1/2-1/2

[Event "4NCL Division Three Knights"]
[Site "Warwick, ENG"]
[Date "2024.02.11"]
[Round "6.41"]
[White "Lambourne, Dan M"]
[Black "Horton, Andrew P"]
[Result "0-1"]
[WhiteElo "2086"]
[BlackElo "2367"]
[PlyCount "90"]
[EventDate "2024.02.11"]
[WhiteTeam "MK Phoenix"]
[BlackTeam "Wotton Hall"]

1. c4 Nf6 2. Nc3 c5 3. g3 g6 4. Bg2 Nc6 5. Nf3 d6 6. O-O Bg7 7. d3 a6 8. a3 Rb8
9. a4 O-O 10. Bd2 Ne8 11. Rb1 Nc7 12. Ne1 Bd7 13. Nc2 a5 14. b3 b6 15. Nb5 Nxb5
16. axb5 Nd4 17. e3 Nxc2 18. Qxc2 h5 19. h4 e6 20. e4 Bd4 21. Bh6 Re8 22. Qd2
Qf6 23. Be3 Bc8 24. Kh2 Bxe3 25. fxe3 Qg7 26. d4 e5 27. d5 Rf8 28. Qe2 Ra8 29.
Ra1 Bg4 30. Bf3 f5 31. Qg2 Qh6 32. exf5 gxf5 33. e4 f4 34. gxf4 Rxf4 35. Be2
Raf8 36. Kh1 Kh7 37. Rxf4 Rxf4 38. Rf1 Bxe2 39. Rxf4 Qxf4 40. Qxe2 Qxh4+ 41.
Kg2 Kg6 42. Qd3 Qf4 43. Kh1 Kg5 44. Qe2 Qh4+ 45. Kg2 Qg4+ 0-1